| 000 | 00725nam a2200193 u 4500 | ||
|---|---|---|---|
| 005 | 20210219155845.0 | ||
| 008 | 071108s1974 mx r 000 0 spa d | ||
| 035 | _aUPN01000153412 | ||
| 049 | _aUNE | ||
| 080 | _a37: 312 (7/8) SIR TomoI. | ||
| 100 | 1 | _aSireau, Albert | |
| 245 | 1 | 0 |
_aEstudios sobre dinámica de población y educación en América Latina y el Caribe : _belementos para un manual de referencia / _cAlbert Sireau. |
| 260 |
_aSantiago de Chile : _bOREALC, _c1974. |
||
| 300 |
_a2 v. : _bil., maps. |
||
| 690 | _aEducación en materia de población - América Latina | ||
| 690 | _aPoblación discente - América Latina | ||
| 690 | _aAmérica Latina - Educación en materia de población | ||
| 905 | _aUNESCO | ||
| 999 |
_c125533 _d125533 |
||